LEADER 01343nam a2200325 a 4500 001 000000133422 003 CaOOAMICUS 005 20130409094617.0 008 130409s1990 enkb u000 u eng r 020 $a978-0-435-89591-4 040 $aPUL$bita 082 04$a291.096 100 1 $aMbiti, John S.$0(OLS)http://pul/name/39495 245 10$aAfrican religions & philosophy /$cJohn S. Mbiti. 246 33$aAfrican religions and philosophy 250 $a2nd rev. and enl. ed. 260 $aGaborone :$bHeinemann Education Botswana ,$c1990. 300 $axiii, 288 p. :$bc. geogr. ;$c22 cm 504 $aBibliografia p. 272-278. 650 4$aReligione$zAfrica.$0(OLS)http://pul/subject/23711 650 4$aFilosofia$zAfrica.$0(OLS)http://pul/subject/39497 850 $aPUL 852 $aPUL$W1$xSL Religione 3$y85$m291. 096 MBIJO 1$j153336$qDDC 21$B152895$CPULBib$Z2$F152895 $H121931 $82 941 1 $a9 996 $6020$a978-0-435-89591-4$9(OLS)http://pul/number/152309 996 $6082$a291.096$9(OLS)http://pul/classification/2490 996 $6245$aAfrican religions & philosophy$9(OLS)http://pul/title/168605 996 $6246$aAfrican religions and philosophy$9(OLS)http://pul/title/168606 996 $6260$aGaborone :$bHeinemann Education Botswana $9(OLS)http://pul/publisher/82319 LEADER 01146nam a2200241 a 4500 001 000000139932 003 CaOOAMICUS 005 20140926092321.0 008 140926s1881 it u000 u ita r 040 $aPUL$bita 100 1 $aZiliski, Mattia Majar.$0(OLS)http://pul/name/90210 245 12$aI santi fratelli Cirillo e Metodio apostoli slavi ed istitutori della letteratura slava /$cscrisse Mattia Majar Ziliski ; tradusse M.G.D.P. 260 $aRoma :$bTipografia della Pace,$c1881. 300 $a95 p. ;$c16 cm 600 04$aCyrillus,$cs., patriarca di Alessandria,$dm. 444.$0(OLS)http://pul/subject/1177 600 04$aMethodius,$cs., arciv. di Moravia e Pannonia,$dm. 885.$0(OLS)http://pul/subject/107 850 $aPUL 852 $aPUL$W1$xDP1 Religione 1$y20$m621 B 14$j161642$qStampati$B161095$CPULBib$Z2$F161095 $82 941 1 $a8 960 $aCirillo,$cs., patriarca di Alessandria,$dm. 444$91177 996 $6245$aI santi fratelli Cirillo e Metodio apostoli slavi ed istitutori della letteratura slava$9(OLS)http://pul/title/177124 996 $6260$aRoma :$bTipografia della Pace$9(OLS)http://pul/publisher/49252